[Event "Politiken Cup 24th"]
[Site "Copenhagen"]
[Date "2002.07.17"]
[Round "3"]
[White "Tandrup, Michael"]
[Black "Binau, Daniel"]
[Result "1-0"]
[WhiteElo "1874"]
[BlackElo "1439"]
[PlyCount "105"]
[EventDate "2002.07.15"]
[EventType "swiss"]
[EventRounds "11"]
[EventCountry "DEN"]
[SourceTitle "CBM 089 Extra"]
[Source "ChessBase"]
[SourceDate "2002.09.10"]
[SourceVersion "2"]
[SourceVersionDate "2002.09.10"]
[SourceQuality "1"]

1. d4 d5 2. c4 e6 3. Nc3 Nf6 4. Nf3 Nbd7 5. Bg5 Be7 6. e3 0-0 7. Bd3 dxc4 8. Bxc4 c5 9. 0-0 Qa5 10. Bh4 cxd4 11. Nxd4 e5 12. Nf5 Bb4 13. Nd5 Nxd5 14. Qxd5 Qc7 15. Qb5 Nb6 16. Qxb4 Qxc4 17. Qxc4 Nxc4 18. Ne7+ Kh8 19. Nxc8 Raxc8 20. b3 Nb2 21. Be7 Rfe8 22. Rac1 h6 23. Ba3 Nd3 24. Rcd1 e4 25. f3 f5 26. fxe4 fxe4 27. Rf7 b5 28. Bd6 Rc6 29. Bg3 a6 30. Rdf1 Rc1 31. Rxc1 Nxc1 32. Ra7 Re6 33. a4 Rf6 34. h3 b4 35. Rb7 a5 36. Re7 Nxb3 37. Rxe4 Nd2 38. Re8+ Kh7 39. Be5 Rg6 40. Kh1 Rc6 41. g4 Rc1+ 42. Kg2 Rc2 43. Kg3 g5 44. Re7+ Kg8 45. Rg7+ Kf8 46. Ra7 Nc4 47. Bg7+ Kg8 48. Bxh6 b3 49. Rg7+ Kh8 50. Rb7 b2 51. Bxg5 Kg8 52. Bf6 Re2 53. Bd4 1-0

[Event "Taastrup Weekend C"]
[Site "Taastrup"]
[Date "2001.09.08"]
[Round "2"]
[White "Lauritsen, Martin Lee"]
[Black "Binau, Daniel"]
[Result "1-0"]
[WhiteElo "1500"]
[BlackElo "1489"]
[PlyCount "47"]
[EventDate "2001.09.07"]
[EventType "tourn"]
[EventRounds "5"]
[EventCountry "DEN"]
[SourceTitle "EXT 2023"]
[Source "ChessBase"]
[SourceDate "2022.10.05"]
[SourceVersion "1"]
[SourceVersionDate "2022.10.05"]
[SourceQuality "1"]

1. e4 c5 2. d4 cxd4 3. c3 dxc3 4. Nxc3 d6 5. Bc4 Nc6 6. Nf3 Nf6 7. e5 d5 8. Bb5 Nd7 9. Nxd5 e6 10. Nc3 Qc7 11. Qe2 a6 12. Bxc6 Qxc6 13. 0-0 Bc5 14. Rd1 b5 15. Bg5 Bb7 16. Rac1 h6 17. Be3 b4 18. Nb1 Rc8 19. Nbd2 0-0 20. Nb3 Qe4 21. Rxd7 Bxe3 22. Qxe3 Rxc1+ 23. Qxc1 Qg6 24. Rxb7 1-0